=LDR 00000nam 2200000 4500 =001 INLIS000000000042869 =005 20251023014424 =035 ##$$a 0010-101300000000791 =008 251023###########################0#ind## =041 ##$$a Ind =082 ##$$a 507.24 =090 ##$$a 507.24, Isn b =100 ##$$a Isna Az - Zahroh =245 1#$$a Bermain Dengan Sains, Jilid 6 /$c Isna Az-Zahroh =260 ##$$a Surabaya :$b Insan Cendekia,$c 2008 =300 ##$$a iv, 52 hlm. : $b ilus ; $c 30 cm =650 #4$$a Sains - Experimen =850 ##$$a NBPNMAT =020 ##$$a 979-9417-77-5 =084 ##$$a 507.24 ISN b =990 ##$$a 21416847 =990 ##$$a 21416848 =990 ##$$a 21416849 =990 ##$$a 21416850 =990 ##$$a 21416851